Stranger Things Episode Guess #2 - Statistics

General Stats
  • This quiz has been taken 27 times
  • The average score is 11 of 14
Answer Stats
Picture Answer % Correct
'The Dive'
87%
'Dear Billy'
80%
'Escape From Camazotz'
80%
'The Mall Rats'
80%
'The Nina Project'
80%
'The Vanishing Of Will Byers'
80%
'E Pluribus Unum'
73%
'The Body'
73%
'The Pollywog'
73%
'The Turnbow Trap'
73%
'Vecna's Curse'
73%
'The Gate'
67%
'The Spy'
67%
'The Weirdo On Maple Street'
67%
No matching quizzes found
Score Distribution
Percent of People with Each Score
Percentile by Number Answered
Your Score History
You have not taken this quiz